Lê Quý Đôn và mấy vấn đề hoạt động thông tin khoa học /

সংরক্ষণ করুন:
গ্রন্থ-পঞ্জীর বিবরন
প্রধান লেখক: Nghiêm Văn Thái.
বিন্যাস: প্রবন্ধ
ভাষা:Vietnamese
বিষয়গুলি:
ট্যাগগুলো: ট্যাগ যুক্ত করুন
কোনো ট্যাগ নেই, প্রথমজন হিসাবে ট্যাগ করুন!
Thư viện lưu trữ: Thư viện Trường Đại học Đà Lạt
LEADER 00775nam a2200253 4500
001 DLU090101946
005 ##20091202
040 # # |a DLU  |b vie 
041 # # |a vie 
044 # # |a vn 
100 # # |a Nghiêm Văn Thái. 
245 # # |a Lê Quý Đôn và mấy vấn đề hoạt động thông tin khoa học /  |c Nghiêm Văn Thái. 
653 # # |a Hoạt động thông tin khoa học 
653 # # |a Lê Quý Đôn, 1726-1784 
773 # # |t Thông tin Khoa học Xã hội  |g Số 6, 1984, tr. 73-77 
920 # # |a Phòng Tạp chí -- Trung tâm Thông tin - Thư viện Trường Đại học Đà Lạt 
994 # # |a DLU 
900 # # |a True 
911 # # |a Đào Thị Thu Huyền 
925 # # |a G 
926 # # |a A 
927 # # |a BB 
980 # # |a Thư viện Trường Đại học Đà Lạt